000 00926nam a22003017a 4500
001 BR8006975
003 BR-BrBNA
005 20230928090818.0
007 ta
008 230509b bl.||||| |||| 00| 0 por d
040 _aBR-BrBNA
_bpor
_cBiblioteca Nacional de Agricultura
041 _a(Por)
072 _aF25; N10
_b3850
_b4540
090 _ 3850 BR8006975
100 1 _aBuffon, R.L.
110 1 _aEmpresa de Assistencia Tecnica e Extensao Rural de Santa Catarina, Florianopolis (Brasil);
_93993
110 1 _aAssociacao de Credito e Assistencia Rural do Estado de Santa Catarina, Florianopolis (Brasil)
_9468
245 1 _aEsterco e esterqueiras
260 3 _aFlorianopolis, SC (Brasil):
_c1980.
300 _a13 p.
500 _a5 ref.
650 _aESTERQUEIRA
650 _aADUBO ORGANICO
650 _aESTERCO
650 _aTECNOLOGIA APROPRIADA
909 _a202309
_bLucia
_c55
_dLucia Elande
942 _cBK
999 _c30670
_d30670